000
00279nam a22001217a 4500
008
171019b xxu||||| |||| 00| 0 eng d
041
_a
eng
080
_a
338
100
_a
53
101
_a
MEN
245
_a
THE STRATEGY OF ECONOMIC DEVELOPMENT
_c
HIRSCHMAN,A.O
942
_2
udc
_c
BK
999
_c
34839
_d
34839